| 000 | 00692nam a22001937a 4500 | ||
|---|---|---|---|
| 005 | 20100804121855.0 | ||
| 010 | _aENG-98043 | ||
| 020 |
_a9788190930178 _c120.00 |
||
| 035 | _aEN-81576 | ||
| 037 | _bDBAD/PUB | ||
| 082 | _a338.04 | ||
| 100 |
_aSundaram, M. Shunmuga _95867 |
||
| 245 |
_aEntrepreneurship development / _cby M. Shunmuga Sundaram |
||
| 260 |
_aMadurai _bShanlax Computers _c2009 |
||
| 270 |
_a61, T.P.K. Main Road Vasantha Nagar _bMadurai _e625003 |
||
| 300 |
_a144p. _c20cm (pbk) |
||
| 942 |
_2ddc _cEN _h338.04 _mSUN |
||
| 999 |
_c39170 _d39170 |
||